Economic development in Europe /

Bibliographic Details
Main Author: Day, Clive, 1871-1951
Format: Book
Language:English
Published: New York : The Macmillan company, 1942.
Subjects:

MARC

Tag First Indicator Second Indicator Subfields
LEADER 00000cam a2200000 4500
001 in00000068984
005 20151008050855.0
008 720114s1942 nyu b 00000 eng u
010 |a  42003574  
035 |a (OCoLC)00221072 
035 |9 AAG3968AM 
040 |c WSU  |d TXA  |d UtOrBLW 
049 |a TXAM  |c 1 [110306] 
050 0 |a HC240  |b .D34 1942 
092 |a 330.94  |b D273e 
100 1 |a Day, Clive,  |d 1871-1951. 
245 1 0 |a Economic development in Europe /  |c by Clive Day ... A revision and extension of Economic development in modern Europe. 
264 1 |a New York :  |b The Macmillan company,  |c 1942. 
300 |a 746 pages 
336 |a text  |b txt  |2 rdacontent 
337 |a unmediated  |b n  |2 rdamedia 
338 |a volume  |b nc  |2 rdacarrier 
651 0 |a Europe  |x Economic conditions. 
999 |a MARS 
999 f f |s ae91f1ee-3ee3-3fb8-aa8b-fde0411100c3  |i a9234679-e2f6-3eee-9246-879d4543cc47  |t 0 
952 f f |p ric  |a Texas A&M University  |b Rellis Campus  |c Joint Library Facility  |d Remote Storage  |t 0  |e HC240 .D34 1942  |h Library of Congress classification  |i unmediated -- volume  |m A14800700063 
998 f f |a HC240 .D34 1942  |t 0  |l Remote Storage